Hawaii State Symbols - Statistics

General Stats
  • This quiz has been taken 13 times
  • The average score is 7 of 14
Answer Stats
Description Answer % Correct
State Flower Yellow Hibiscus
92%
State Dance Hula
75%
State Fish Humuhumu Nukunuku Apua’a
75%
State Instrument Ukulele
75%
State Bird Nene
67%
State Nickname The Aloha State
67%
State Sport Surfing
58%
State Mammal Hawaiian Monk Seal
50%
State Anthem Hawai’i Pono’i
50%
State Plant Taro (Kalo)
42%
State Tree Kukui Nut
33%
State Marine Mammal Humpback Whale
25%
State Gemstone Black Coral
17%
State Land Mammal Hawaiian Hoary Bat
17%
No matching quizzes found
Score Distribution
Percent of People with Each Score
Percentile by Number Answered
Your Score History
You have not taken this quiz